|
|
|
|
| LEADER |
01095nam a2200265 a 4500 |
| 001 |
GR-MES12948 |
| 008 |
070903s gr b 001 0 gre d |
| 020 |
|
|
|a 1402043724
|
| 040 |
|
|
|a GrPaTEI
|b gre
|c GR-PaULI
|
| 040 |
|
|
|a GrPaTEI
|b gre
|c GR-PaULI
|
| 082 |
|
0 |
|a 534.23
|
| 245 |
0 |
0 |
|a Acoustic sensing techniques for the shallow water environment :
|b Inversion methods and experiments ; edited by Andrea Caiti...[at al.].
|
| 260 |
|
|
|a Dordrecht :
|b Springer,
|c 2006
|
| 300 |
|
|
|a xii
|a 332σ. :
|b εικ. ;
|c 25εκ. +
|e +1 CD-ROM
|
| 504 |
|
|
|a Περιλαμβάνει βιβλιογραφίες και ευρετήρια.
|
| 650 |
|
0 |
|a Deep-sea sounding
|
| 650 |
|
0 |
|a Underwater acoustics
|
| 650 |
|
4 |
|a ΑΚΟΥΣΤΙΚΗ
|
| 650 |
|
4 |
|a ΗΧΟΣ
|
| 650 |
|
4 |
|a ΩΚΕΑΝΟΙ
|
| 700 |
1 |
|
|a Caiti, Andrea
|
| 942 |
|
|
|2 ddc
|
| 952 |
|
|
|0 0
|1 0
|2 ddc
|4 0
|6 534_230000000000000_ACO
|7 0
|9 271505
|a MSLG
|b MSLG
|c BSC
|d 2021-01-17
|e 24
|f 0
|g 0.00
|l 0
|o 534.23 ACO
|p 2420000022239
|r 2021-01-17 00:00:00
|t 1
|w 2021-01-17
|y BK15
|x 20070903 0 ΜΑΤΣΙΩΡΗ 1
|x GrPaTEI
|
| 971 |
|
|
|a .b25789958
|b 01-10-20
|c 13-09-16
|
| 999 |
|
|
|c 156844
|d 156844
|